00408nam a2200145 i 450000100060000000300090000600500170001500700030003200800410003510000170007624500430009326000740013630000220021085200300023258037ES-MaACL20230906163719.0t|031020s1934 xxk ||||1| eng d1 aDunne, J. W.14aThe serial Universe / cby J.W. Dunne. aLondon : bFaber and Faber, c1934 (eCambridge : fUniversity Press) a239 p. ; c23 cm. aES-MaACLjA-744 bR.14529